| 000 | 00684nam a2200241Ia 4500 | ||
|---|---|---|---|
| 003 | OSt | ||
| 005 | 20220926024756.0 | ||
| 006 | a|||||r|||| 00| 0 | ||
| 007 | ta | ||
| 008 | 220923b |||||||| |||| 00| 0 eng d | ||
| 020 | _a0198286740 | ||
| 037 | _cGeneral Book | ||
| 040 |
_aRTL _cRTL _beng |
||
| 041 |
_2eng _aeng |
||
| 082 | _aX:77, M9 | ||
| 100 |
_aScott Maurice Fitzgerald _9331425 |
||
| 245 | 0 | _aNew view of economic growth | |
| 260 |
_aOxford _bClarendon Press _c1989 |
||
| 300 |
_axlix,592p. Bibliography: P 524-58 _ccm. |
||
| 650 | _aEconomics Development | ||
| 942 |
_hX:77, M9 _cGB _2CC |
||
| 999 |
_c645431 _d645431 |
||